000 00459cam a22001457a 4500
008 180718b1972 xxu||||| |||| 00| 0 eng d
082 _aB19x54 P273
100 _aPathjak, G.S.
245 _aSome reflections on the civil revolution in India
_cby G.S. Pathak
260 _aDelhi
_bNational
_c1972
300 _a75p.
500 _aThe Second Motilal Nehru Memorial Lecture. Rs.12.00
650 _aEconomic Development - India
650 _aSocial Change - India
999 _c351723
_d351723